<?xml version="1.0" encoding="UTF-8"?>
<collection xmlns="http://www.loc.gov/MARC21/slim">
 <record>
  <leader>01380nam a22001937a 4500</leader>
  <controlfield tag="001">NCT_55297</controlfield>
  <controlfield tag="008">181114b        xxu||||| |||| 00| 0 vie d</controlfield>
  <datafield tag="999" ind1=" " ind2=" ">
   <subfield code="c">2662</subfield>
   <subfield code="d">2662</subfield>
  </datafield>
  <datafield tag="020" ind1=" " ind2=" ">
   <subfield code="c">88000</subfield>
  </datafield>
  <datafield tag="082" ind1="0" ind2="4">
   <subfield code="2">23rd ed.</subfield>
   <subfield code="a">895.92234</subfield>
   <subfield code="b">K600</subfield>
  </datafield>
  <datafield tag="100" ind1="1" ind2=" ">
   <subfield code="a">Nguyễn Ngọc Ký</subfield>
  </datafield>
  <datafield tag="245" ind1="1" ind2="0">
   <subfield code="a">Tôi học đại học :</subfield>
   <subfield code="b">Ngọn nến không bao giờ tắt</subfield>
   <subfield code="c">Nguyễn Ngọc Ký</subfield>
  </datafield>
  <datafield tag="260" ind1=" " ind2=" ">
   <subfield code="a">TP Hồ Chí Minh</subfield>
   <subfield code="b">Tổng hợp TP Hồ Chí Minh</subfield>
   <subfield code="c">2016</subfield>
  </datafield>
  <datafield tag="300" ind1=" " ind2=" ">
   <subfield code="a">303 tr.</subfield>
   <subfield code="c">21cm</subfield>
  </datafield>
  <datafield tag="520" ind1="3" ind2=" ">
   <subfield code="a">Quyển tự truyện Tôi học đại học, bạn đọc sẽ thấy được những năm tháng Nguyễn Ngọc Ký sống xa quê hương, mọi việc phải nhờ đến đôi chân, nhất là trong hoàn cảnh chiến tranh, tất cả trường học phải sơ tán về các vùng miền núi và nông thôn mà vẫn luôn học tốt và cho thấy nghị lực phấn đấu cả đời của ông: dù bệnh tật vẫn vượt lên để khẳng định bản thân và sống có ích với đời.</subfield>
  </datafield>
  <datafield tag="653" ind1=" " ind2=" ">
   <subfield code="a">Sách tham khảo</subfield>
  </datafield>
  <datafield tag="942" ind1=" " ind2=" ">
   <subfield code="2">ddc</subfield>
   <subfield code="c">BK</subfield>
  </datafield>
  <datafield tag="952" ind1=" " ind2=" ">
   <subfield code="0">0</subfield>
   <subfield code="1">0</subfield>
   <subfield code="2">ddc</subfield>
   <subfield code="4">0</subfield>
   <subfield code="6">895_922340000000000_K600</subfield>
   <subfield code="7">0</subfield>
   <subfield code="9">14867</subfield>
   <subfield code="a">000001</subfield>
   <subfield code="b">000001</subfield>
   <subfield code="d">2018-11-14</subfield>
   <subfield code="o">895.92234 K600</subfield>
   <subfield code="p">TK.01229</subfield>
   <subfield code="r">2018-11-14</subfield>
   <subfield code="v">88000.00</subfield>
   <subfield code="w">2018-11-14</subfield>
   <subfield code="y">BK</subfield>
  </datafield>
  <datafield tag="980" ind1=" " ind2=" ">
   <subfield code="a">Thư viện Trường Đại học Nam Cần Thơ</subfield>
  </datafield>
 </record>
</collection>
